| 000 | 00967cam a2200265 a 4500 | ||
|---|---|---|---|
| 001 | 000025447 | ||
| 005 | 20200930023808.0 | ||
| 008 | 901219s1991 ag 000 | spa d | ||
| 020 | _a9506941939 | ||
| 040 |
_aDO-SdBNP _bspa _cBNPHU |
||
| 041 |
_aspa _heng _2Código de idioma MARC |
||
| 082 |
_axxx _bN733d |
||
| 100 | 1 |
_aNitze, Paul H. _952056 |
|
| 240 | 0 |
_aFrom Hiroshima to glasnost. _lEspañol |
|
| 245 | 1 | 0 |
_aDe Hiroshima a la Glasnost : _bmemorias / _cPaul H. Nitze; colaboración de Ann M. Smith y Steven L. Rearden ; traducción Cristina Piña. |
| 260 |
_aBuenos Aires : _bGrupo Editor Latinoamericano, _c1991. |
||
| 300 |
_a467 p. ; _c23 cm. |
||
| 490 | 1 |
_aEstudios Internacionales _v212.305 |
|
| 534 |
_aTítulo original : _tFrom Hiroshima to glasnost. |
||
| 700 | 1 |
_aSmith, Ann M., _952057 |
|
| 700 | 1 |
_aRearden, Steven L. , _952058 |
|
| 700 | 1 |
_aPiña, Cristina, _etr. _947086 |
|
| 830 | 0 |
_aEstudios Internacionales ; _v212.305 _948515 |
|
| 049 | _aBNGR | ||
| 999 |
_c24939 _d24939 |
||